How to Train Your Dragon Franchise - Statistics

General Stats
  • This quiz has been taken 103 times
  • The average score is 12 of 61
Answer Stats
Type Year Name Info % Correct
Children's Book 2003 How to Train Your Dragon Cressida Cowell
92%
Film 2010 How to Train Your Dragon DreamWorks
92%
Video Game 2010 How to Train Your Dragon Activision
92%
TV Show 2012-2018 Dreamworks Dragons Cartoon Network / Netflix
87%
Film 2014 How to Train Your Dragon 2 DreamWorks
81%
Video Game 2014 How to Train Your Dragon 2 Little Orbit
81%
Film 2019 How to Train Your Dragon: The Hidden World DreamWorks
72%
Short Film 2011 Gift of the Night Fury DreamWorks
32%
TV Short 2019 How to Train Your Dragon: Homecoming NBC
32%
Children's Book 2004 How to Be a Pirate Cressida Cowell
31%
Short Film 2011 Book of Dragons DreamWorks
29%
Children's Book 2005 How to Speak Dragonese Cressida Cowell
27%
Video Game 2014 Dragons: Rise of Berk Ludia
24%
Children's Book 2006 How to Cheat a Dragon's Curse Cressida Cowell
22%
Video Game 2013 School of Dragons JumpStart
22%
Children's Book 2009 How to Break a Dragon's Heart Cressida Cowell
21%
Children's Book 2011 How to Steal a Dragon's Sword Cressida Cowell
21%
Children's Book 2008 How to Ride a Dragon's Storm Cressida Cowell
19%
Short Film 2014 Dawn of the Dragon Racers DreamWorks
18%
Children's Book 2015 How to Fight a Dragon's Fury Cressida Cowell
18%
Children's Book 2012 How to Seize a Dragon's Jewel Cressida Cowell
18%
Children's Book 2007 A Hero's Guide to Deadly Dragons Cressida Cowell
17%
Children's Book 2013 How to Betray a Dragon's Hero Cressida Cowell
15%
Children's Book 2006 How to Train Your Viking Cressida Cowell
13%
Children's Book 2007 How to Twist a Dragon's Tale Cressida Cowell
13%
Short Film 2010 Legend of the Boneknapper Dragon DreamWorks
13%
Children's Book 2001 Hiccup: The Viking Who Was Seasick Cressida Cowell
12%
Web Series 2019 DreamWorks Dragons: Rescue Riders Netflix
9%
Graphic Novel 2018 Dragonvine Dean DeBlois / Richard Hamilton
8%
Graphic Novel 2017 The Serpent's Heir Dean DeBlois / Richard Hamilton
8%
Graphic Novel 2014 Dragon Down Simon Furman
6%
Video Game 2019 Dragons: Dawn of New Riders Climax Studios
6%
Video Game 2012 Dreamwork Dragons: Wild Skies Cartoon Network
6%
Graphic Novel 2016 Snowmageddon Simon Furman
6%
Graphic Novel 2015 The Ice Castle Simon Furman
6%
Graphic Novel 2014 Dangers of the Deep Simon Furman
5%
Video Game 2019 Dragons: Titan Uprising Ludia
5%
Play 2012 How to Train Your Dragon Live Spectacular Global Creatures
5%
Graphic Novel 2016 The Endless Night Simon Furman
5%
Children's Book 2014 The Incomplete Book of Dragons: (a Guide to Dragon Species) Cressida Cowell
5%
Graphic Novel 2015 The Legend of Ragnarok Simon Furman
5%
Graphic Novel 2015 The Stowaway Simon Furman
5%
Graphic Novel 2015 Underworld Simon Furman
5%
Theme Park Attraction ???? Dragon Gliders Motiongate Dubai
4%
Video Game 2012 Dragons: TapDragonDrop PikPok / Sidhe
4%
Play 2014-Present How to Train Your Dragon ON ICE Allure of the Seas
4%
Theme Park Attraction 2016-Present How to Train Your Dragon: The Island Heide Park
4%
Children's Book 2012 The Day of the Dreader Cressida Cowell
4%
Graphic Novel TBA The Fire Tides Dean DeBlois / Richard Hamilton
4%
Video Game 2013 Dragons Adventure Nokia
3%
Video Game 2014 Dragons Adventure: World Explorer HitPoint Studios
3%
Video Game 2014 Dreamworks Press: Dragons DreamWorks
3%
Children's Book 2016 How to Build a Dragon Fort Erica David
3%
Children's Book 2015 How to Defend Your Dragon Ellie O'Ryan
3%
Children's Book 2015 How to Pick Your Dragon Erica David
3%
Children's Book 2015 How to Raise Three Dragons Ellie O'Ryan
3%
Children's Book 2014 How to Start a Dragon Academy Erica David
3%
Children's Book 2016 How to Track a Dragon Erica David
3%
Graphic Novel 2016 How to Train Your Dragon: Burning Midnight Dean DeBlois / Richard Hamilton
3%
Video Game 2010 How to Train Your Dragon: Flight of the Night Fury Glu Mobile
3%
Short Story Collection 2014 How to Train Your Dragon Special Edition: With Brand New Short Stories! Cressida Cowell
3%
No matching quizzes found
Score Distribution
Percent of People with Each Score
Percentile by Number Answered
Your Score History
You have not taken this quiz